[Event "Zwolle KPMG op-B"]
[Site "Zwolle"]
[Date "2000.03.12"]
[Round "5"]
[White "Markerink, F."]
[Black "Meijer, HJ."]
[Result "0-1"]
[WhiteElo "1637"]
[BlackElo "1526"]
[PlyCount "50"]
[EventDate "2000.03.??"]
[EventType "swiss"]
[EventRounds "6"]
[EventCountry "NED"]
[SourceTitle "EXT 2004"]
[Source "ChessBase"]
[SourceDate "2003.11.25"]
[SourceVersion "1"]
[SourceVersionDate "2003.11.25"]
[SourceQuality "1"]

1. d4 d5 2. c4 e6 3. Nc3 Nf6 4. Bg5 Be7 5. e3 0-0 6. Nf3 b6 7. Bd3 Bb7 8. Bxf6 Bxf6 9. cxd5 exd5 10. Qc2 g6 11. h4 Ba6 12. g4 c5 13. g5 Bxd3 14. Qxd3 c4 15. Qf1 Bg7 16. Nh2 Nc6 17. a3 Re8 18. 0-0-0 b5 19. Nxb5 Rb8 20. Nc3 Qb6 21. Rd2 Nxd4 22. exd4 Bxd4 23. Nxd5 Bxb2+ 24. Kd1 Qb3+ 25. Rc2 Rbd8 0-1